| 000 | 00513nam a22001697a 4500 | ||
|---|---|---|---|
| 005 | 20251108170120.0 | ||
| 008 | 250721s2000 xx 000 0 ara d | ||
| 082 | 1 | 4 | _aم/210.76/سوي |
| 100 | 1 | _aسويد، محمد علي | |
| 245 | 1 | 0 | _aموسوعة 1599 سؤال و جواب إسلامي / |
| 264 | 1 |
_aبيروت : _bشركة رشاد برس، _c2000. |
|
| 300 | _a420ص | ||
| 650 | 1 | 7 | _aالإسلام |
| 650 | 1 | 7 | _aالأسئلة متعددة الإختيارات |
| 942 |
_2ddc _cREF |
||
| 999 |
_c40135 _d40135 |
||